| 000 | 00527cab a2200229 4500 | ||
|---|---|---|---|
| 001 | ABS60410 | ||
| 008 | 090401t1999 xxu||||| |||| 00| 0 eng d | ||
| 035 | _a(Sirsi) u92777 | ||
| 041 | _aeng | ||
| 100 | _aCollard, P. | ||
| 245 | _aWinning ways | ||
| 260 | _c1999 | ||
| 350 | _a0 | ||
| 490 |
_aBuilding _v264 (8082) 9 April 1999, 67(1) |
||
| 650 | _aBIDDING | ||
| 650 | _aCONSTRUCTION COMPANIES | ||
| 650 | _aMARKETING | ||
| 650 | _aTENDERING | ||
| 690 | _aBUILT ENVIRONMENT | ||
| 942 | _n0 | ||
| 948 | _c15/04/1999 | ||
| 999 |
_c58806 _d58806 |
||